RF engineering for wireless networks : (Record no. 1836)

MARC details
000 -LEADER
fixed length control field 01161nam a22002657a 4500
005 - DATE AND TIME OF LATEST TRANSACTION
control field 20250520083835.0
008 - FIXED-LENGTH DATA ELEMENTS--GENERAL INFORMATION
fixed length control field 250520b |||||||| |||| 00| 0 eng d
020 ## - INTERNATIONAL STANDARD BOOK NUMBER
International Standard Book Number 0750678739 (alk. paper)
040 ## - CATALOGING SOURCE
Original cataloging agency DLC
Transcribing agency DLC
Modifying agency KMU
Description conventions rda
050 00 - LIBRARY OF CONGRESS CALL NUMBER
Classification number TK 5103.2
100 1# - MAIN ENTRY--PERSONAL NAME
Personal name Dobkin, Daniel Mark.
245 10 - TITLE STATEMENT
Title RF engineering for wireless networks :
Remainder of title hardware, antennas, and propagation /
Statement of responsibility, etc. Daniel M. Dobkin.
260 ## - PUBLICATION, DISTRIBUTION, ETC.
Place of publication, distribution, etc. Amsterdam ;
-- Boston :
Name of publisher, distributor, etc. Elsevier/Newnes,
Date of publication, distribution, etc. c2005.
300 ## - PHYSICAL DESCRIPTION
Extent vii, 436 p. :
Other physical details ill. ;
Dimensions 24 cm. +
Accompanying material 1 CD-ROM (4 3/4 in.)
440 #0 - SERIES STATEMENT/ADDED ENTRY--TITLE
Title Communications engineering series
504 ## - BIBLIOGRAPHY, ETC. NOTE
Bibliography, etc. note Includes bibliographical references and index.
650 #0 - SUBJECT ADDED ENTRY--TOPICAL TERM
Topical term or geographic name entry element Wireless communication systems.
650 #0 - SUBJECT ADDED ENTRY--TOPICAL TERM
Topical term or geographic name entry element Wireless LANs.
650 #0 - SUBJECT ADDED ENTRY--TOPICAL TERM
Topical term or geographic name entry element IEEE 802.11 (Standard)
856 42 - ELECTRONIC LOCATION AND ACCESS
Materials specified Publisher description
Uniform Resource Identifier <a href="http://www.loc.gov/catdir/description/els051/2004023168.html">http://www.loc.gov/catdir/description/els051/2004023168.html</a>
856 41 - ELECTRONIC LOCATION AND ACCESS
Materials specified Table of contents
Uniform Resource Identifier <a href="http://www.loc.gov/catdir/toc/ecip051/2004023168.html">http://www.loc.gov/catdir/toc/ecip051/2004023168.html</a>
906 ## - LOCAL DATA ELEMENT F, LDF (RLIN)
a 7
b cbc
c orignew
d 1
e ecip
f 20
g y-gencatlg
942 ## - ADDED ENTRY ELEMENTS (KOHA)
Source of classification or shelving scheme Library of Congress Classification
Koha item type Non-Fiction
Suppress in OPAC No
Holdings
Withdrawn status Lost status Source of classification or shelving scheme Damaged status Not for loan Collection Home library Current library Shelving location Date acquired Source of acquisition Total Checkouts Full call number Barcode Date due Date last seen Date last checked out Price effective from Koha item type
    Library of Congress Classification     Non-fiction Kapasa Makasa University Kapasa Makasa University Open Access 20.05.2025 ZLS 3 TK 5103.2 Dob 301216 24.07.2026 27.05.2026 27.05.2026 20.05.2025 Non-Fiction